00300nam a2200097Ia 4500008004100000041001200041100001700053245011900070260000600189650000700195221030s9999 xx 000 0 und d aEnglish aC. S. Mishra 0aAdvances in Research in Business & Finance, 2005 Vol. - VI. Risk Management Investment Managementcby C. S. Mishra c0 aMb